| 000 | 04456cam a22003975a 4500 | ||
|---|---|---|---|
| 003 | EG-ScBUE | ||
| 005 | 20220516121746.0 | ||
| 006 | m||||fq||h 00| 0 | ||
| 008 | 100926r20102008enka f 000 0 eng d | ||
| 020 | _a9780521690874 (Edition with Answers and Audio CD) | ||
| 040 |
_aEG-ScBUE _beng _erda _cEG-ScBUE _dEG-ScBUE |
||
| 082 | 0 | 4 |
_a425.076 _bHAS _222 |
| 100 | 1 |
_aHashemi, Louise, _eauthor. _919911 |
|
| 245 | 1 | 0 |
_aGrammar for first certificate with answers : _bself-study grammar reference and practice / _cLouis Hashemi and Barbara Thomas |
| 246 | 3 | 4 |
_aCambridge grammar for first certificate with answers : _bself-study grammar reference and practice |
| 250 | _aFourth printing. | ||
| 264 | 1 |
_aCambridge : _bCambridge University Press, _c2010. |
|
| 300 |
_axii, 259 pages : _billustrations ; _c25 cm + _e1 CD. |
||
| 336 |
_2rdacontent _atext _btxt |
||
| 336 |
_2rdacontent _aspoken word _bspw |
||
| 337 |
_2rdamedia _aunmediated _bn |
||
| 337 |
_2rdamedia _aaudio _bs |
||
| 338 |
_2rdacarrier _avolume _bnc |
||
| 338 |
_2rdacarrier _aaudio disc _bsd |
||
| 490 | 0 | _aCambridge books for Cambridge exams | |
| 505 | 0 | _a1. Present tenses: Present simple, present continuous, state verbs; 2. Past tenses: Past simple, past continuous, used to (and to be used to), would; 3. Present perfect simple and past simple: Present perfect and past simple, present perfect simple and continuous; 4. Past perfect: Past perfect simple and continuous; 5. Future 1: Present tenses, will, future continuous; 6. Future 2: Going to, future in the past, present after time adverbs, future perfect, to be about to; 7. Adjectives: Comparative and superlative adjectives, position, order, adjectives ending in -ing and -ed; 8. Adverbs: Formation, adverbs and adjectives easily confused, comparative and superlative adverbs, modifiers, position; 9. Questions: Yes / no questions, short answers, question words, question tags, agreeing; 10. Countable and uncountable nouns, articles: Countable and uncountable nouns, a, the and no article, special uses articles; 11. Pronouns and determiners: Possessives, reflexive pronouns, each other etc, there and it, someone etc, all, most and some, each and every, both, neither etc; 12. Modals 1: Use of modals, obligation, necessity; 13. Modals 2: Permission, requests, offers, suggestions, orders, advice; 14. Modals 3: Ability, deduction: certainty, probability and possibility; 15. Passive: Passive, to have something done; 16. Reported speech: Reporting about the past, reporting about the present, verbs used for reporting, questions; 17. Verbs followed by to-infinitive or -ing: Verb + to-infinitive, verb + infinitive without to, verb + -ing, verb + object + to-infinitive, verb + that, adjectives; 18. Phrasal verbs: Meaning and form, verb + preposition, verb + adverb, verb + preposition + adverb; 19. Conditionals 1: Zero, first, second and third conditionals, mixed conditionals; 20. Conditionals 2: Unless, in case, as / so long as, provided that, I wish / if only, it's time, I'd rather, otherwise / or else; 21. Prepositions 1: Prepositions of place and time; 22. Prepositions 2: Prepositions which follow verbs and adjectives, prepositions to express who, how and why, expressions with prepositions; 23. Relative clauses: Defining and non-defining relative clauses, relative pronouns and prepositions; 24. Linking words 1: Because, as and since, so and therefore, in order to, to + infinitive and so (that), so and such, enough and too; 25. Linking words 2: In spite of and despite, but, although and though, even though and even if, participle clauses, before and after + -ing, when, while and since + -ing. | |
| 520 | _aCambridge Grammar for First Certificate provides complete coverage of the grammar needed for the Cambridge FCE exam, and develops listening skills at the same time. It includes the full range of FCE exam tasks from the Reading, Writing, Listening, and Use of English papers, and contains helpful grammar explanations and a grammar glossary. An edition 'without answers' is also available. | ||
| 650 | 7 |
_aEnglish language _xGrammar. _2BUEsh _912875 |
|
| 650 | 7 |
_aEnglish language _xGrammar _vProblems, exercises, etc. _2BUEsh _913812 |
|
| 650 | 7 |
_aEnglish language _vTextbooks for foreign speakers. _2BUEsh _913993 |
|
| 651 | _2BUEsh | ||
| 653 |
_bHHUUEENN _cOctober2018 _cJanuary2019 |
||
| 655 |
_vReading book _934232 |
||
| 700 | 1 |
_aThomas, Barbara, _d1953- _eauthor. _920857 |
|
| 942 |
_2ddc _cBB |
||
| 999 |
_c14711 _d14711 |
||